000 00741nam1a22002291 4500
001 rc\3831
005 20021204101656.6
035 _a(NLR Aleph) 005294119
090 _a6220933
_c6220933
100 _a20021204d1994 u |0rusy50 ca
101 0 _arus
102 _aRU
105 _ay |||||||||
200 1 _aАстрологический прогноз по знакам Зодиака на 2-е полугодие 1995 г.
_e[Здоровье, любовь, финансы, успех]
210 _aМ.
_cГелиос LTD
_d1994
215 _d20
700 1 _aЗарев
_bА. В.
_gАлександр Викторович
801 0 _aRU
_bNLR
_gpsbo
801 1 _aRU
_bELAR
_2rusmarc
852 _aNLR
_j95-4/1660
942 _cBOOK
980 _aNB